| 000 | 00344nam a2200133Ia 4500 | ||
|---|---|---|---|
| 008 | 191201s2012 xx 000 0 und d | ||
| 082 |
_a004.22 _bCAC |
||
| 100 | _aCARPINELLI, John D | ||
| 245 | 0 | _aComputer systems Organization and architecture | |
| 250 | _aIMP 7th | ||
| 260 |
_c2012 _bpearson _aNEW DELHI |
||
| 300 | _a584 | ||
| 942 |
_2ddc _cBK _09 |
||
| 999 |
_c7774 _d7774 |
||